Рациональный монтаж крупных гидроагрегатов

מידע ביבליוגרפי
מחבר ראשי: Полушкин К. П.
שפה:רוסית
יצא לאור: Москва, Госэнергоиздат, 1957
נושאים:
פורמט: MixedMaterials ספר
KOHA link:https://koha.lib.tpu.ru/cgi-bin/koha/opac-detail.pl?biblionumber=302112

MARC

LEADER 00000nam0a2200000 4500
001 302112
005 20231102001453.0
035 |a (RuTPU)RU\TPU\book\327308 
090 |a 302112 
100 |a 20150819d1957 k y0rusy50 ca 
101 0 |a rus 
102 |a RU 
105 |a a z 001zy 
200 1 |a Рациональный монтаж крупных гидроагрегатов  |f К. П. Полушкин 
210 |a Москва  |a Ленинград  |c Госэнергоиздат  |d 1957 
215 |a 84 с.  |c ил. 
320 |a Библиогр.: с. 83. 
606 1 |a Гидроагрегаты  |2 stltpush  |3 (RuTPU)RU\TPU\subj\6566  |9 34413 
610 1 |a строительство 
610 1 |a монтаж 
610 1 |a монтажные работы 
610 1 |a механизация 
675 |a 621.224  |v 3 
700 1 |a Полушкин  |b К. П. 
801 1 |a RU  |b 63413507  |c 20150819 
801 2 |a RU  |b 63413507  |c 20150904  |g RCR 
942 |c BK